[Event "SLO-chT1 East"]
[Site "Celje"]
[Date "2008.12.22"]
[Round "9"]
[White "Brinovec, Franc Jr"]
[Black "Svensek, Marjan"]
[Result "1-0"]
[WhiteElo "2102"]
[BlackElo "2069"]
[PlyCount "127"]
[EventDate "2008.11.20"]
[EventType "team-tourn"]
[EventRounds "9"]
[EventCountry "SLO"]
[SourceTitle "EXT 2010"]
[Source "ChessBase"]
[SourceDate "2010.11.25"]
[SourceVersion "1"]
[SourceVersionDate "2010.11.25"]
[SourceQuality "1"]

1. d4 b5 2. e4 Bb7 3. Nd2 a6 4. g3 e6 5. Bg2 Nf6 6. Ne2 c5 7. dxc5 Bxc5 8. 0-0 Qb6 9. Nf4 0-0 10. Nd3 Be7 11. e5 Nd5 12. Ne4 Nc6 13. c3 Rad8 14. Qg4 f5 15. exf6 Nxf6 16. Nxf6+ Bxf6 17. Be3 Qc7 18. Rfe1 Rde8 19. Rad1 Kh8 20. Qh3 Ne5 21. Bf4 Bxg2 22. Qxg2 d6 23. Nxe5 dxe5 24. Bc1 Rd8 25. Qe4 Rxd1 26. Rxd1 Rd8 27. Re1 Qb6 28. Kg2 Kg8 29. h4 h6 30. h5 Rc8 31. Qg6 Qc6+ 32. f3 Qe8 33. Qxe8+ Rxe8 34. Rd1 Rd8 35. Rxd8+ Bxd8 36. Kf2 Kf7 37. Ke2 Bc7 38. g4 Ke7 39. b3 Kd6 40. Ba3+ Kd5 41. Bf8 e4 42. Bxg7 Bf4 43. Bd4 b4 44. Bf6 bxc3 45. Bxc3 exf3+ 46. Kxf3 Bg5 47. a4 e5 48. Ke2 Bf6 49. Bd2 Bg7 50. g5 hxg5 51. Bxg5 Ke4 52. Be3 Bf6 53. b4 Kd5 54. b5 axb5 55. axb5 Bg7 56. Kf3 Bf8 57. Kg4 Ke6 58. b6 Kf6 59. b7 Bd6 60. Ba7 e4 61. b8Q Bxb8 62. Bxb8 e3 63. Bf4 e2 64. Bd2 1-0

[Event "SLO-chT1 East"]
[Site "Celje"]
[Date "2008.12.13"]
[Round "3"]
[White "Rajkovic, Radisa"]
[Black "Brinovec, Franc Jr"]
[Result "1/2-1/2"]
[WhiteElo "2046"]
[BlackElo "2102"]
[PlyCount "48"]
[EventDate "2008.11.20"]
[EventType "team-tourn"]
[EventRounds "9"]
[EventCountry "SLO"]
[SourceTitle "EXT 2010"]
[Source "ChessBase"]
[SourceDate "2010.11.25"]
[SourceVersion "1"]
[SourceVersionDate "2010.11.25"]
[SourceQuality "1"]

1. d4 Nf6 2. Nf3 b6 3. c4 Bb7 4. Nc3 e6 5. a3 Be7 6. e3 0-0 7. Bd3 c5 8. 0-0 Qc7 9. Qe2 Nc6 10. d5 exd5 11. cxd5 Ne5 12. Nxe5 Qxe5 13. f4 Qh5 14. e4 Qxe2 15. Bxe2 d6 16. Rd1 Nd7 17. Bb5 Rfd8 18. Bc6 Rab8 19. Kf2 a6 20. a4 Nf8 21. Ra3 Bf6 22. Rb3 Bc8 23. h3 h5 24. Be3 Bd7 1/2-1/2

[Event "SLO-chT1 East"]
[Site "Celje"]
[Date "2007.11.21"]
[Round "9"]
[White "Drobne, Marjan"]
[Black "Brinovec, Franc Jr"]
[Result "1/2-1/2"]
[WhiteElo "2104"]
[BlackElo "2102"]
[PlyCount "28"]
[EventDate "2007.11.11"]
[EventType "team-tourn"]
[EventRounds "9"]
[EventCountry "SLO"]
[SourceTitle "EXT 2010"]
[Source "ChessBase"]
[SourceDate "2010.11.25"]
[SourceVersion "1"]
[SourceVersionDate "2010.11.25"]
[SourceQuality "1"]

1. e4 c5 2. Nf3 d6 3. Bb5+ Bd7 4. Bxd7+ Nxd7 5. 0-0 e6 6. c3 Ngf6 7. Re1 Be7 8. d4 cxd4 9. cxd4 d5 10. e5 Ne4 11. Nbd2 Nxd2 12. Bxd2 0-0 13. Rc1 Rc8 14. Qb3 Qb6 1/2-1/2

[Event "SLO-chT1 East"]
[Site "Celje"]
[Date "2007.11.13"]
[Round "3"]
[White "Svensek, Marjan"]
[Black "Brinovec, Franc Jr"]
[Result "1/2-1/2"]
[WhiteElo "2079"]
[BlackElo "2102"]
[PlyCount "22"]
[EventDate "2007.11.11"]
[EventType "team-tourn"]
[EventRounds "9"]
[EventCountry "SLO"]
[SourceTitle "EXT 2010"]
[Source "ChessBase"]
[SourceDate "2010.11.25"]
[SourceVersion "1"]
[SourceVersionDate "2010.11.25"]
[SourceQuality "1"]

1. b4 e6 2. Bb2 Nf6 3. a3 d5 4. e3 c5 5. b5 Be7 6. c4 0-0 7. Nf3 Ne4 8. Bd3 Nd7 9. Qc2 f5 10. Nc3 Ndf6 11. 0-0 Nd6 1/2-1/2

[Event "Mazowieckie-chT 0405 Relegation"]
[Site "Poland"]
[Date "2005.03.06"]
[Round "1"]
[White "Brinovec, Franc Jr"]
[Black "Marczukiewicz, Jerzy"]
[Result "1/2-1/2"]
[WhiteElo "2200"]
[BlackElo "2032"]
[PlyCount "87"]
[EventDate "2005.03.06"]
[EventType "team-tourn"]
[EventRounds "3"]
[EventCountry "POL"]
[SourceTitle "EXT 2019"]
[Source "ChessBase"]
[SourceDate "2018.10.10"]
[SourceVersion "1"]
[SourceVersionDate "2018.10.10"]
[SourceQuality "1"]

1. d4 Nf6 2. Nf3 c5 3. d5 b5 4. c4 g6 5. Qc2 d6 6. e4 bxc4 7. Bxc4 Bg7 8. 0-0 0-0 9. h3 Ba6 10. Nbd2 Nfd7 11. Rb1 Nb6 12. Bxa6 Nxa6 13. a3 Qc7 14. Nc4 Nxc4 15. Qxc4 Qb7 16. Bf4 Rfd8 17. Rfd1 Nc7 18. b4 Nb5 19. bxc5 Nxa3 20. Rxb7 Nxc4 21. Rc1 Nb2 22. Ne1 dxc5 23. Rxc5 a5 24. Bc1 Na4 25. Rcc7 Nc3 26. Bb2 Nxe4 27. Bxg7 Kxg7 28. Rxe7 Nd6 29. Ra7 a4 30. Nc2 h5 31. h4 Kf6 32. Na3 Rdb8 33. Nc2 Rb1+ 34. Kh2 Rxa7 35. Rxa7 Rb2 36. Nd4 Rxf2 37. Rxa4 Rf4 38. g3 Rg4 39. Ra6 Ke5 40. Ne2 Kxd5 41. Nf4+ Ke5 42. Ra5+ Ke4 43. Ra4+ Ke5 44. Ra5+ 1/2-1/2

[Event "Mazowieckie-chT 0405"]
[Site "Poland"]
[Date "2005.01.09"]
[Round "7"]
[White "Brinovec, Franc Jr"]
[Black "Przymusinski, Kazimierz"]
[Result "1-0"]
[WhiteElo "2200"]
[BlackElo "2045"]
[PlyCount "55"]
[EventDate "2004.10.03"]
[EventType "team-tourn"]
[EventRounds "10"]
[EventCountry "POL"]
[SourceTitle "EXT 2019"]
[Source "ChessBase"]
[SourceDate "2018.10.10"]
[SourceVersion "1"]
[SourceVersionDate "2018.10.10"]
[SourceQuality "1"]

1. d4 g6 2. Nf3 Bg7 3. g3 d6 4. Bg2 Nf6 5. 0-0 0-0 6. Nbd2 c6 7. b3 Re8 8. Bb2 Nbd7 9. Re1 Qc7 10. e4 e5 11. Nc4 b5 12. dxe5 dxe5 13. Qd6 Qxd6 14. Nxd6 Re6 15. Rad1 Bf8 16. Nxc8 Rxc8 17. Bh3 Re7 18. Nxe5 Rc7 19. Nxd7 Nxd7 20. f4 a5 21. e5 Nb6 22. Rd8 f5 23. g4 fxg4 24. Bxg4 Nd5 25. f5 gxf5 26. Bxf5 Rg7+ 27. Kh1 Rce7 28. Bh3 1-0

[Event "Mazowieckie-chT 0405"]
[Site "Poland"]
[Date "2004.11.07"]
[Round "3"]
[White "Brinovec, Franc Jr"]
[Black "Deszczynski, Adam"]
[Result "1/2-1/2"]
[WhiteElo "2200"]
[BlackElo "2371"]
[PlyCount "108"]
[EventDate "2004.10.03"]
[EventType "team-tourn"]
[EventRounds "10"]
[EventCountry "POL"]
[SourceTitle "EXT 2019"]
[Source "ChessBase"]
[SourceDate "2018.10.10"]
[SourceVersion "1"]
[SourceVersionDate "2018.10.10"]
[SourceQuality "1"]

1. d4 Nf6 2. Nf3 g6 3. g3 Bg7 4. Bg2 0-0 5. 0-0 d6 6. b3 e5 7. dxe5 Nfd7 8. Bb2 Nc6 9. Qc1 dxe5 10. Rd1 Re8 11. e4 b6 12. Bh3 Qe7 13. Ba3 Nc5 14. Bxc8 Raxc8 15. Nc3 Nd4 16. Ne1 c6 17. Qe3 f5 18. Na4 f4 19. Bxc5 fxe3 20. Bxe7 exf2+ 21. Kxf2 Rxe7 22. c3 Ne6 23. Nd3 Ng5 24. Re1 Rd7 25. Rad1 Rcd8 26. Nab2 a5 27. h4 Nf7 28. Ke2 Nd6 29. Nf2 Kf7 30. Na4 Nc8 31. Rxd7+ Rxd7 32. Nd3 Ke6 33. Nac5+ bxc5 34. Nxc5+ Ke7 35. Nxd7 Kxd7 36. b4 a4 37. Rd1+ Nd6 38. c4 Ke6 39. Kd3 Bf6 40. Rc1 Be7 41. Rc3 c5 42. b5 Nc8 43. Rc1 Nb6 44. Rf1 h6 45. Kc3 Bf6 46. Rd1 Be7 47. Rh1 Bd8 48. g4 Be7 49. Kd3 Bd8 50. h5 g5 51. Rf1 Bf6 52. Kc3 Be7 53. Rf3 Bf6 54. Rd3 Be7 1/2-1/2